000 005470000a22001210004500
100 1 _aEscobar S., Francisco J.
245 1 0 _a"Aún me queda tiempo"
300 _aVol.0, núm.24 (Septiembre, 2007), Página 46
500 _aEntrevista con el director Patrice Leconte
520 _aDe su filmografía dicen que tiene desde obras maestras hasta películas olvidables. En todo caso, se trata de uno de los realizadores franceses más interesantes después de la Nueva Ola francesa.
773 0 _tArcadia / Andrés Felipe Solano, Editor
942 _cANA
999 _c62368
_d62368